| 000 | 01140nam0a22003011 4500 | ||
|---|---|---|---|
| 001 | rc\4395377 | ||
| 005 | 20130416150302.8 | ||
| 021 |
_aRU _b[60-28486] |
||
| 035 | _a(NLR Aleph) 008555871 | ||
| 090 |
_a8435299 _c8435299 |
||
| 100 | _a20130416d1960 |||y0rusy50 ca | ||
| 101 | 0 | _arus | |
| 102 | _aRU | ||
| 105 | _ay z ||||| | ||
| 200 | 1 |
_aВладимир Ильич Ленин и наш край _fО-во по распространению полит. и науч. знаний РСФСР. Владимирское обл. отд-ние |
|
| 210 |
_aВладимир _cБ. и. _d1960 |
||
| 215 |
_a38 с. _d20 |
||
| 225 | 1 | _aВ помощь лектору | |
| 300 | _aПеред загл. авт.: В.Т. Демин, канд. ист. наук | ||
| 333 | _aНа правах рукописи | ||
| 607 |
_aВладимирская область _xИстория _2psbo |
||
| 700 | 1 |
_aДемин _bВ. Т. _gВасилий Тихонович |
|
| 702 | 1 |
_aЛенин _bВ. И. _gВладимир Ильич _4570 |
|
| 801 | 0 |
_aRU _bNLR _gpsbo |
|
| 801 | 1 |
_aRU _bELAR _2rusmarc |
|
| 852 |
_aNLR _j60-4/5489 |
||
| 942 | _cBOOK | ||
| 980 | _aNB | ||